Σύστημα διαχείρισης αυτοματισμών για έξυπνο σπίτι, με χρήση τεχνολογιών χαμηλού κόστους και λογισμικό ελεύθερου/ανοικτού κώδικα

Στην εργασία αυτή γίνεται έρευνα, σχεδίαση και υλοποίηση πρωτοτύπου συστήματος διαχείρισης αυτοματισμών για έξυπνο σπίτι με χρήση τεχνολογιών χαμηλού κόστους και λογισμικό ελεύθερου/ανοικτού κώδικα. Η έρευνα βασίζεται σε τρεις άξονες, α. το "Έξυπνο σπίτι" όπου το σπίτι μελετάται σαν σύστημ...

Πλήρης περιγραφή

Αποθηκεύτηκε σε:
Λεπτομέρειες βιβλιογραφικής εγγραφής
Κύριος συγγραφέας: Μελαμπιανάκης, Γιώργος
Συγγραφή απο Οργανισμό/Αρχή: Πανεπιστήμιο Αιγαίου. Σχολή Θετικών Επιστημών. Τμήμα Μηχανικών Σχεδίασης Προϊόντων και Συστημάτων
Μορφή: Thesis Βιβλίο
Γλώσσα:Greek
Δημοσίευση: 2016.
Θέματα:
Διαθέσιμο Online:http://hdl.handle.net/11610/20093
Ετικέτες: Προσθήκη ετικέτας
Δεν υπάρχουν, Καταχωρήστε ετικέτα πρώτοι!

MARC

LEADER 00000cam a2200000 a 4500
001 1/112812
008 170125s2016####gr | ||| |||| ||gre||
040 |a GR-MyUa  |b gre  |c GR-MyUa  |e AACR2 
041 0 |a gre 
082 7 |a 643.6   |2 (23)  
100 1 |a Μελαμπιανάκης, Γιώργος. 
245 1 0 |a Σύστημα διαχείρισης αυτοματισμών για έξυπνο σπίτι, με χρήση τεχνολογιών χαμηλού κόστους και λογισμικό ελεύθερου/ανοικτού κώδικα /   |c Μελαμπιανάκης Γιώργος ; επιβλέπων καθηγητής Σταυράκης Μόδεστος.  
260 |c 2016.  
300 |a 322 σ. :   |b εικ. ;   |c 30 εκ.  
502 |a Πτυχιακή εργασία - Πανεπιστήμιο Αιγαίου, Σύρος, 2016.  
504 |a Βιβλιογραφία: σ. 277-279.  
520 8 |a Στην εργασία αυτή γίνεται έρευνα, σχεδίαση και υλοποίηση πρωτοτύπου συστήματος διαχείρισης αυτοματισμών για έξυπνο σπίτι με χρήση τεχνολογιών χαμηλού κόστους και λογισμικό ελεύθερου/ανοικτού κώδικα. Η έρευνα βασίζεται σε τρεις άξονες, α. το "Έξυπνο σπίτι" όπου το σπίτι μελετάται σαν σύστημα ανθρώπινης δραστηριότητας, β. το "Διαδίκτυο των πραγμάτων" (IoT), γ. την υλικοτεχνική υποδομή και το λογισμικό που απαιτείται για την υλοποίηση ενός τέτοιου συστήματος. Η σχεδιαστική προσέγγιση του συστήματος βασίζεται στη μεθοδολογία "Goal directed design" (Kim Goodwin), επικεντρώνοντας στις ανάγκες και τους στόχους των χρηστών. Ταυτόχρονα δίνεται ιδιαίτερη έμφαση στην επεκτασιμότητα και την ετερογενή φύση των IoT εφαρμογών. Η μελέτη περίπτωσης εξετάζει πειραματικά τη σύνθεση του τελικού συστήματος με τα εξής χαρακτηριστικά, σαν κεντρικός δίαυλος επικοινωνίας υποσυστημάτων (κεντρικό σύστημα) χρησιμοποιείται το Openhab εγκατεστημένο σε ένα Raspberry Pi B+, σαν τοπικός εξυπηρετητής, με δύο ετερογενή υποσυστήματα. Το ένα υποσύστημα είναι δίκτυο RF αισθητήρων και το άλλο υποσύστημα είναι δίκτυο φωτισμού Wifi. Η αξιολόγηση επικεντρώνεται σε δύο τύπους αλληλεπίδρασης, εκείνης μεταξύ χρήστη-συστήματος και εκείνης μεταξύ περιβάλλοντος-συστήματος συναρτήσει των συνθηκών φωτισμού.  
650 0 |a Dissertations, Academic  |z Greece. 
650 0 |a Home automation. 
650 0 |a Internet of things. 
700 1 |a Σταυράκης, Μόδεστος,  |e dgs 
710 2 |a Πανεπιστήμιο Αιγαίου.   |b Σχολή Θετικών Επιστημών.   |b Τμήμα Μηχανικών Σχεδίασης Προϊόντων και Συστημάτων. 
852 |a INST  |b SYROS  |c DIATR  |e 20180903  |h 643.6 ΜΕΛ  |p 005500013487  |q 005500013487  |t DIE  |y 23 
856 |u http://hdl.handle.net/11610/20093 
924 |a Μελαμπιανάκης  |b Γιώργος  |y Σύρος  |z 2016-03 
970 |a Κοντού  |b Παρασκευή  |z 25/01/2017